00856nam a22002657a 4500003000500000005001700005008004100022010001000063011001000073035001000083040000900093082001500102100002000117245004600137260006900183300001900252505006600271650003500337650003700372650004100409650003800450650004300488650003700531700002200568CHAP20220329135522.0971013c19761977 r 00010 d a37952 a38924 a43044 cCHAP a632.03bM500aMiller, Paul R. aMultilingual compendium of plant diseases aSt. Paul, Minn. :bAmerican Phytopatological Society,c1976-1977 a2 v.b; láms aContenido: v.1 Fungi and bacteria.- v.2 Viruses and nematodes14aFitopatologíaxDiccionarios.14aFitopatologíaxTerminología.14aPlantasxEnfermedades por bacterias.14aPlantasxEnfermedades por hongos.14aPlantasxEnfermedades por nemátodos.14aPlantasxEnfermedades por virus.0 aPollard, Hazel L.